200 Most Popular Baby Girl Names Starting with P (2019) - Statistics

General Stats
  • This quiz has been taken 8,226 times
  • The average score is 74 of 200
Answer Stats
Name % Correct
Penellope
89%
Penelope
89%
Penelopee
89%
Penelopi
89%
Penelopy
89%
Pennelope
89%
Patricia
85%
Paola
83%
Paula
83%
Penny
83%
Pola
83%
Polly
81%
Pamela
76%
Pari
76%
Peri
76%
Perri
76%
Perrie
76%
Perry
76%
Pauline
70%
Poppi
69%
Poppie
69%
Poppy
69%
Page
64%
Paige
64%
Paisely
64%
Paislee
64%
Paislei
64%
Paisleigh
64%
Paisley
64%
Paisli
64%
Paislie
64%
Paisly
64%
Paizlee
64%
Paizleigh
64%
Paizley
64%
Payge
64%
Payslee
64%
Payzlee
64%
Phebe
64%
Pheobe
64%
Phoebe
64%
Phoibe
64%
Payzleigh
63%
Paeton
62%
Paetyn
62%
Paighten
62%
Paighton
62%
Paiton
62%
Paityn
62%
Paitynn
62%
Paulina
62%
Payden
62%
Payten
62%
Paytin
62%
Payton
62%
Peighton
62%
Peightyn
62%
Peyten
62%
Peyton
62%
Peytyn
62%
Polina
62%
Paris
59%
Parris
59%
Parker
54%
Pia
54%
Piper
54%
Pippa
54%
Princess
54%
Pryncess
54%
Pyper
54%
Philippa
51%
Pricilla
51%
Priscila
51%
Priscilla
51%
Pearl
50%
Perl
50%
Preslee
49%
Presleigh
49%
Presley
49%
Presli
49%
Preslie
49%
Pressley
49%
Pria
47%
Priya
47%
Petra
46%
Pietra
46%
Peggy
45%
Prudence
45%
Paulette
41%
Phyllis
41%
Patsy
40%
Phenix
39%
Phenyx
39%
Pheonix
39%
Phoenix
39%
Phoenixx
39%
Phoenyx
39%
Phynix
39%
Porsha
39%
Portia
39%
Prestyn
39%
Prim
39%
Preston
37%
Primrose
35%
Patrice
34%
Peach
34%
Posey
34%
Posie
34%
Posy
34%
Paxton
33%
Paxtyn
33%
Persephanie
32%
Persephone
32%
Persephonie
32%
Paloma
31%
Pepper
31%
Perla
30%
Pandora
29%
Patience
28%
Pilar
28%
Precious
28%
Percy
26%
Palmer
25%
Pollyanna
24%
Pixie
23%
Porter
23%
Paz
22%
Philomena
21%
Peace
20%
Priyanka
20%
Prayer
19%
Promise
19%
Promyse
19%
Pace
18%
Pacey
18%
Perrin
18%
Praise
18%
Paislyn
17%
Paislynn
17%
Paizlynn
17%
Passion
15%
Phaedra
12%
Portland
11%
Paisyn
10%
Parisa
10%
Parish
10%
Payson
10%
Providence
10%
Paw
9%
Paxley
9%
Pearce
9%
Persia
9%
Pierce
9%
Poet
9%
Preslyn
9%
Preslynn
9%
Poetry
8%
Purity
8%
Paradise
7%
Pessy
7%
Pharah
7%
Pharrah
7%
Penina
6%
Phiona
6%
Prairie
6%
Prisca
6%
Prisha
6%
Pure
6%
Perel
5%
Pascale
4%
Pearson
4%
Pema
4%
Petrona
4%
Prosper
4%
Peregrine
3%
Praisley
3%
Prescott
3%
Parisha
2%
Parnika
2%
Penelope-Rose
2%
Perpetua
2%
Petronila
2%
Pranika
2%
Prosperity
2%
Purpose
2%
Paisley-Ann
1%
Parthenia
1%
Pasleigh
1%
Paysen
1%
Peniel
1%
Pihu
1%
Portlyn
1%
Portlynn
1%
Pragya
1%
Prakriti
1%
Pranayi
1%
Pravya
1%
Pahal
0%
Pranshi
0%
Prapti
0%
No matching quizzes found
Score Distribution
Percent of People with Each Score
Percentile by Number Answered
Your Score History
You have not taken this quiz